Análisis bibliométrico de las tesis de pregrado : (Record no. 186682)
[ view plain ]
| 000 -CABECERA | |
|---|---|
| campo de control de longitud fija | 01552nab a2200265 a 4500 |
| 005 - FECHA Y HORA DE LA ÚLTIMA TRANSACCIÓN | |
| campo de control | 20210219163009.0 |
| 008 - ELEMENTOS DE LONGITUD FIJA--INFORMACIÓN GENERAL | |
| campo de control de longitud fija | 991125s1985 mx 000 0 spa u |
| 035 ## - NÚMERO DE CONTROL DEL SISTEMA | |
| Número de control de sistema | UPN01000214582 |
| 049 ## - COLECCIÓN | |
| Colección | ART |
| 100 1# - ASIENTO PRINCIPAL--NOMBRE PERSONAL | |
| Nombre de persona | Lagos Hernández, Roberto Iván |
| 100 1# - ASIENTO PRINCIPAL--NOMBRE PERSONAL | |
| Nombre de persona | Pérez Gutiérrez, Mikel |
| 222 #0 - TÍTULO CLAVE | |
| Título clave | REVISTA IBEROAMERICANA DE EDUCACION |
| 245 00 - MENCIÓN DE TÍTULO | |
| Título | Análisis bibliométrico de las tesis de pregrado : |
| Resto del título | el caso de Pedagogía en Educación Física de la Universidad Autónoma de Chile : 2007-2012 |
| 260 ## - PUBLICACIÓN, DISTRIBUCIÓN, ETC. | |
| Lugar de publicación, distribución, etc. | Madrid, España |
| 300 ## - DESCRIPCIÓN FÍSICA | |
| Extensión | 181-200 |
| 362 0# - FECHAS DE PUBLICACIÓN Y/O DESIGNACIÓN SECUENCIAL | |
| Fecha de publicación y/o designación secuencial | 2016 Volumen 70, número 1 |
| 520 3# - NOTA DE RESUMEN, ETC. | |
| Sumario, etc. | La bibliometría es un procedimiento que debido a su aplicación para evaluar el desarrollo científico ha logrado un avance sustantivo durante estos últimos años. El objetivo de la presente investigación es describir la distribución temporal, temática y por profesor guía de las tesis de pregrado defendidas hasta el año 2012 en la carrera de Pedagogía en Educación Física de la Universidad Autónoma de Chile, junto con mostrar su utilidad para evaluar procesos formativos desarrollados en dicha carrera y su relación con los lineamientos de investigación. Para ello, se consideraron todas las tesis de pregrado defendidas en la carrera de Pedagogía en Educación Física entre los años 2007 y 2012 |
| 653 0# - TERMINO DE INDIZACION - NO CONTROLADO | |
| Término no controlado | TESIS |
| 653 0# - TERMINO DE INDIZACION - NO CONTROLADO | |
| Término no controlado | EDUCACION FISICA |
| 653 0# - TERMINO DE INDIZACION - NO CONTROLADO | |
| Término no controlado | BIBLIOMETRIA |
| 653 0# - TERMINO DE INDIZACION - NO CONTROLADO | |
| Término no controlado | ROL DOCENTE |
| 653 0# - TERMINO DE INDIZACION - NO CONTROLADO | |
| Término no controlado | PERFIL DE EGRESO |
| 856 4# - LOCALIZACIÓN Y ACCESO ELECTRÓNICOS | |
| Identificador Uniforme del Recurso | <a href="file:///C:/Users/SUSANA/Downloads/7218.pdf">file:///C:/Users/SUSANA/Downloads/7218.pdf</a> |
| 905 ## - TIPO DE MATERIAL | |
| Tipo de material | Articulo |
No items available.
